000 00665nam a2200193Ia 4500
003 GCL
008 140319s9999 xx 000 0 ara d
040 _aGCL /
_cGCL
082 0 4 _aق
_b962.054
_bم م
100 1 _aمكرم عبيد باشا
245 1 0 _aمحاضرة معانى الاستاذ مكرم عبيد باشا فى الجامعة المصرية : بحث مقارن تحليلى للمعاهد المصرية الانجليزية /
_cمكرم عبيد باشا
300 _a75 ص
490 _a
650 0 4 _aمصر
650 0 4 _aالتاريخ
650 0 4 _aالاحتلال البريطانى
650 0 4 _aمعاهدة 1936
942 _2ddc
_cBK
999 _c46051
_d46051